The land surveying : (Record no. 150737)
[ view plain ]
| 000 -LEADER | |
|---|---|
| fixed length control field | 00649nam a22001937a 4500 |
| 005 - DATE AND TIME OF LATEST TRANSACTION | |
| control field | 20180507151708.0 |
| 010 ## - LCCN (DPL NO) | |
| LC control number | ENG-122481 |
| 020 ## - INTERNATIONAL STANDARD BOOK NUMBER | |
| International Standard Book Number | 9788171773282 |
| Terms of availability | 650.00 |
| 035 ## - SYSTEM CONTROL NUMBER | |
| System control number | EN-106013 |
| 037 ## - SOURCE OF ACQUISITION | |
| Source of stock number/acquisition | DBAD/PUB |
| 082 ## - DEWEY DECIMAL CLASSIFICATION NUMBER | |
| Classification number | 343.540785269 |
| 100 ## - MAIN ENTRY--PERSONAL NAME | |
| Personal name | Kanungo, Arjun |
| 245 ## - TITLE STATEMENT | |
| Title | The land surveying : |
| Statement of responsibility, etc | by Arjun Kanungo |
| Remainder of title | law, practice & procedure / |
| 260 ## - PUBLICATION, DISTRIBUTION, ETC. (IMPRINT) | |
| Place of publication, distribution, etc | Kolkata (Calcutta) |
| Name of publisher, distributor, etc | Eastern Lal House Pvt. Ltd. |
| Date of publication, distribution, etc | 2018 |
| 270 ## - ADDRESS | |
| Address | 54 Ganesh Chunder Avenue |
| City | Kolkata (Calcutta) |
| Postal code | (033) 2215-1989 |
| Electronic mail address | mail@elh.co.in |
| 300 ## - PHYSICAL DESCRIPTION | |
| Extent | 346p. |
| Other physical details | ill. |
| Dimensions | 22cm(Hb) |
| 500 ## - GENERAL NOTE | |
| General note | It include index |
| 942 ## - ADDED ENTRY ELEMENTS (KOHA) | |
| Source of classification or shelving scheme | Dewey Decimal Classification |
| Item type | English Books |
| Call number suffix | KAN |
| Classification part | 343.540785269 |
| Withdrawn status | Lost status | Not for loan | Collection code | Home library | Current library | Date acquired | Source of acquisition | Cost, normal purchase price | Full call number | Barcode | Copy number | Cost, replacement price | Koha item type |
|---|---|---|---|---|---|---|---|---|---|---|---|---|---|
| Not For Loan | Non-fiction | D.B.Act.Division | Patel Nagar | 04/04/2018 | DBAD/PUB | 650.00 | 343.540785269 KAN | EN-106013 | 1 | 650.00 | English Books |
